书目信息 |
| 题名: |
苹果大树改造技术
|
|
| 作者: | 张显川 , 陈长景 , 高照全 主编 | |
| 分册: | ||
| 出版信息: | 北京 中国农业科学技术出版社 2014 |
|
| 页数: | 160页 | |
| 开本: | 21cm | |
| 丛书名: | ||
| 单 册: | ||
| 中图分类: | S661.1 | |
| 科图分类: | ||
| 主题词: | 苹果--果树园艺 | |
| 电子资源: | ||
| ISBN: | 978-7-5116-0851-2 | |
| 000 | 00883nam0 2200253 450 | |
| 001 | 012015000033 | |
| 005 | 20150914162117.95 | |
| 010 | @a978-7-5116-0851-2@dCNY15.00 | |
| 100 | @a20141101d2014 em y0chiy50 ea | |
| 101 | 0 | @achi |
| 102 | @aCN@b110000 | |
| 105 | @aa z 000yy | |
| 106 | @ar | |
| 200 | 1 | @a苹果大树改造技术@Aping guo da shu gai zao ji shu@f张显川,陈长景,高照全主编 |
| 210 | @a北京@c中国农业科学技术出版社@d2014 | |
| 215 | @a160页@c图@d21cm | |
| 330 | @a本书内容包括:目前中国苹果生产现状、日本开心树形的优点和培养过程、苹果乔化大树改造技术、不同类型大树改造技术、大树改造对树体结构和生理进程的影响。 | |
| 606 | 0 | @a苹果@x果树园艺 |
| 690 | @aS661.1@v5 | |
| 701 | 0 | @a张显川@Azhang xian chuan@4主编 |
| 701 | 0 | @a陈长景@Achen chang jing@4主编 |
| 701 | 0 | @a高照全@Agao zhao quan@4主编 |
| 801 | 0 | @aCN@b碧洲教育@c20150716 |
| 905 | @a10447@f4@dS661.1@e332 | |
| 苹果大树改造技术/张显川,陈长景,高照全主编.-北京:中国农业科学技术出版社,2014 |
| 160页:图;21cm |
| ISBN 978-7-5116-0851-2:CNY15.00 |
| 本书内容包括:目前中国苹果生产现状、日本开心树形的优点和培养过程、苹果乔化大树改造技术、不同类型大树改造技术、大树改造对树体结构和生理进程的影响。 |
| ● |
| 相关链接 |
|
|
|
|
正题名:苹果大树改造技术
索取号:S661.1/332
 
预约/预借
| 序号 | 登录号 | 条形码 | 馆藏地/架位号 | 状态 | 备注 |
| 1 | 0870868 | 208708683 | 第二样本阅览室/ [索取号:S661.1/332] | 在馆 | |
| 2 | 0870869 | 208708692 | 密集书库-生命科学系/ [索取号:S661.1/332] | 在馆 | |
| 3 | 0870870 | 208708709 | 第三借阅区/ [索取号:S661.1/332] | 在馆 | |
| 4 | 0870871 | 208708718 | 第三借阅区/ [索取号:S661.1/332] | 在馆 |